El Financiamiento externo, el desarrollo de América Latina y el Caribe y las relaciones interamericanas de cooperación /

Salvato in:
Dettagli Bibliografici
Enti autori: CIES, OEA
Natura: testo
Pubblicazione: Caracas: CIES
Tags: Aggiungi Tag
Nessun Tag, puoi essere il primo ad aggiungerne!!

MARC

LEADER 00000 a a2200000 04500
001 22703
003
040
090 |a 154900  
110 |a CIES  
245 |a El Financiamiento externo, el desarrollo de América Latina y el Caribe y las relaciones interamericanas de cooperación /  |c CIES  
260 |a Caracas:   |b CIES  
710 |a OEA  
999 |c 14165  |d 14165